000 00634nam a2200205Ia 4500
003 GCL
008 140319s9999 xx 000 0 ara d
040 _aGCL /
_cGCL
082 0 4 _a815.04
_bف ف
100 1 _aفاروق سعد
245 1 0 _aفن الالقاء العربى الخطابى والتمثيلى /
_cفاروق سعد
260 _a[S.N] :
_bدار الكتاب اللبنانى ،
_c1987
300 _a607 ص
490 _a
650 0 4 _aالبلاغة العربية
650 0 4 _aارتجال التمثيل
650 0 4 _aالخطابة العربية
650 0 4 _aارتجال الخطب
942 _2ddc
_cBK
999 _c50022
_d50022